Cours de sciencie des finances et de législation financière française / (Record no. 85035)
[ view plain ]
| 000 -LEADER | |
|---|---|
| campo de control de longitud fija | 00519nam a2200169 i 4500 |
| 001 - NÚMERO DE CONTROL | |
| campo de control | 85035 |
| 003 - IDENTIFICADOR DE NÚMERO DE CONTROL | |
| campo de control | ES-MaACL |
| 005 - FECHA Y HORA DE LA ÚLTIMA TRANSACCIÓN | |
| campo de control | 20230906175153.0 |
| 007 - CAMPO FIJO DE DESCRIPCIÓN FÍSICA--INFORMACIÓN GENERAL | |
| campo de control de longitud fija | t| |
| 008 - DATOS DE LONGITUD FIJA--INFORMACIÓN GENERAL | |
| campo de control de longitud fija | 041125s1922 fr ||||1| fre d |
| 100 1# - ENTRADA PRINCIPAL--NOMBRE DE PERSONA | |
| Nombre de persona | Jèze, Gaston ( |
| Fechas asociadas al nombre | 1869-1953) |
| 9 (RLIN) | 154478 |
| 245 10 - MENCIÓN DEL TÍTULO | |
| Título | Cours de sciencie des finances et de législation financière française / |
| Mención de responsabilidad, etc. | par Gaston Jèze. |
| 250 ## - MENCION DE EDICION | |
| Mención de edición | 6éme ed. |
| 260 ## - PUBLICACIÓN, DISTRIBUCIÓN, ETC. | |
| Lugar de publicación, distribución, etc. | Paris : |
| Nombre del editor, distribuidor, etc. | [s.n., |
| Fecha de publicación, distribución, etc. | 1922] ( |
| Lugar de fabricación/manufactura | Laval : |
| Fabricante | Barneoud) |
| 300 ## - DESCRIPCIÓN FÍSICA | |
| Extensión | XXVIII, 507 p. ; |
| Dimensiones | 22 cm. |
| 852 ## - LOCALIZACIÓN | |
| Ubicación | ES-MaACL |
| Número de control de estantería | B-5197 |
| Estatus retirado | Estado de pérdida | Estado de daño | No para préstamo | Biblioteca de origen | Biblioteca actual | Ubicación en estantería | Fecha de adquisición | Fuente de adquisición | Total de préstamos | Signatura topográfica completa | Código de barras | Visto por última vez | Precio de reemplazo | Tipo de ítem Koha |
|---|---|---|---|---|---|---|---|---|---|---|---|---|---|---|
| Biblioteca del Ateneo de Madrid | Biblioteca del Ateneo de Madrid | Sala Pardo Bazán | 17/01/2008 | B-5197 | 1088862 | 23/02/2023 | 23/02/2023 | Libro impreso |
